[Event "Belarus-ch Men 2022"]
[Site "Minsk"]
[Date "2022.01.14"]
[Round "6.5"]
[White "Volianuk, Vitaly"]
[Black "Siniauski, Artsiom"]
[Result "1/2-1/2"]
[WhiteElo "2267"]
[BlackElo "2301"]
[Annotator "TA"]
[PlyCount "71"]
[EventDate "2022.01.09"]
[EventType "tourn"]
[EventCountry "BLR"]
[SourceTitle "playchess.com"]
[Source "ChessBase"]
[SourceQuality "1"]

{[%evp 14,71,39,0,10,0,0,-10,0,0,-9,-12,-1,-68,-50,-64,-40,-29,0,0,0,-27,46,62,44,37,81,88,81,12,59,57,77,18,89,89,92,89,88,88,91,87,127,0,0,0,4,0,0,1,1,0,0,0,0,0,0,0,0,0]} 1. Nf3 Nf6 2. g3 b6 3. Bg2 Bb7 4. O-O g6 5. c4 Bg7 6. Nc3 O-O 7. Re1 d6 8. d4 Ne4 $1 {A50: Queen's Fianchetto Defence (1 d4 Nf6 2 c4 b6).} 9. Nxe4 Bxe4 10. d5 c6 11. Nd4 Bxg2 12. Kxg2 {[#]} b5 $146 ({Predecessor:} 12... c5 13. Nf3 Nd7 14. a4 a6 15. Rb1 b5 {½-½ (15) Elguezabal Varela,D (2285)-Mompo Ballester,V Alicante 1989}) 13. Qd3 (13. cxb5 $11 cxd5 14. Qd3) 13... Qb6 {[#] aiming for ...bxc4.} 14. Rd1 {[%cal Rc4b5]} bxc4 (14... Qc5 $5 {[%cal Rb5c4]} 15. cxb5 Qxd5+ 16. e4 Qxd4 17. Qxd4 Bxd4 18. Rxd4 cxb5 $15) 15. Qxc4 {[%cal Rd4c6]} cxd5 (15... c5 $5 {[%cal Rc5d4]} 16. Nf3 Qa6 $11) 16. Qxd5 Nd7 17. Be3 {[%cal Od4e6] And now Ne6! would win.} Qxb2 (17... Nf6 $1 $11 18. Qf3 Qxb2) 18. Rab1 $14 Qa3 19. Nc6 $36 {[%cal Bd4c6,Bc6e7,Be7d5][%mdl 2080] White has good play.} Bf6 (19... e6 $1 $14 {is superior.} 20. Qxd6 Qxd6 21. Rxd6 Nb6) 20. Rb7 $16 {[%csl LRa7,LRd7]} Nb6 21. Bxb6 {White is much more active. Black has bad knights.} (21. Qe4 $16) 21... axb6 (21... e6 $1 $11 {was preferrable.} 22. Qxd6 axb6) 22. Nxe7+ $14 Kg7 23. Rd2 (23. Qxd6 $16 Qc5 24. Nc6) 23... Ra5 (23... Rab8 $11 {remains equal.}) 24. Qxd6 $16 Qxd6 25. Rxd6 Rxa2 26. Nd5 ({But not} 26. Rdxb6 Rxe2 27. Nc6 Ra8 $15) 26... Be5 27. Rdd7 ({Of course not} 27. Rdxb6 $6 Rd8 28. Nb4 (28. e4 Bd4 $15) 28... Rxe2 $11) 27... Rb2 28. Rxb6 ({White should play} 28. f4 $16) 28... Rxe2 $11 {The position is equal.} 29. Re6 {[#] Threatens to win with Kf1.} Rd8 $1 30. Rxd8 fxe6 {[%mdl 4096] Endgame KRB-KRN} 31. Rd7+ Kf8 32. Ne3 h5 33. Kf3 Ra2 34. h4 Bf6 35. Nc4 Bc3 36. Rd1 {Weighted Error Value: White=0.22 (precise) /Black=0.18 (very precise)} 1/2-1/2

[Event "Belarus-ch Men 2022"]
[Site "Minsk"]
[Date "2022.01.14"]
[Round "6.6"]
[White "Nikitenko, Mihail"]
[Black "Lutsko, Igor"]
[Result "1-0"]
[WhiteElo "2506"]
[BlackElo "2305"]
[Annotator "TA"]
[PlyCount "47"]
[EventDate "2022.01.09"]
[EventType "tourn"]
[EventCountry "BLR"]
[SourceTitle "playchess.com"]
[Source "ChessBase"]
[SourceQuality "1"]

{[%evp 13,47,14,45,54,31,34,56,0,0,0,0,-62,64,38,42,32,34,0,1,5,4,15,12,0,0,0,88,53,51,41,114,113,109,120,2756,2434]} 1. e4 c5 2. Nf3 d6 3. d4 cxd4 4. Nxd4 Nf6 5. Nc3 Nc6 6. Bg5 e6 7. Qd3 a6 8. Nxc6 {B62: Sicilian: Richter-Rauzer: 6...e6: Unusual White 7th moves.} bxc6 9. O-O-O {[%cal Oe4e5] e5! is the strong threat.} Qa5 {[#]} 10. f4 $146 (10. Qg3 $14) ({Predecessor:} 10. Qg3 Rb8 11. Bc4 h6 12. Be3 Nd7 13. Bb3 c5 14. Bf4 e5 15. Bd2 Qc7 16. Nd5 {1-0 (23) Paravyan,D (2627)-Stocek,J (2592) Prague 2019}) 10... Rb8 $11 11. Be2 d5 12. f5 (12. Rhf1 $11) 12... Bb4 (12... Nxe4 13. Nxe4 Qxa2 14. Kd2 $1 $16 (14. Qc3 $2 Bb4 $19)) (12... Bd6 $1 $15 13. fxe6 fxe6) 13. Bxf6 {White is more active.} gxf6 14. fxe6 fxe6 15. Bh5+ Ke7 16. Qg3 $36 {[%mdl 2048] White has the initiative.} Bxc3 17. bxc3 ({Don't take} 17. Qxb8 Be5 18. Qa7+ Bd7 19. exd5 cxd5 $14) 17... Bd7 {Threatens to win with ...Rhg8.} 18. Qg7+ Kd6 19. Qxf6 {Black must now prevent Qf4+.} Qa3+ (19... Rhf8 $11 20. Bf7 Qxa2 21. Qf4+ Ke7 22. Qg5+ (22. Kd2 $2 Rxf7 23. Qh4+ Kd6 $19) 22... Kd6 23. Qf4+ Ke7 24. Qg5+ (24. Kd2 $2 Rxf7 25. Qh4+ Kd6 $19) 24... Kd6 25. Qf4+) 20. Kd2 $14 {aiming for Qf4+.} Rhf8 21. Bf7 Rb2 (21... Qxa2 $2 22. e5+ Kc7 23. Qe7 $18) (21... Kc7 $1 $14) 22. Qf4+ $16 Ke7 23. Rhf1 {Really sharp!} Qa4 $2 {[%mdl 8192] [#]} (23... Kd8 $16) 24. Qh4+ $1 {Weighted Error Value: White=0.18 (very precise) /Black=0.32} 1-0

[Event "Belarus-ch Men 2022"]
[Site "Minsk"]
[Date "2022.01.15"]
[Round "7.1"]
[White "Lutsko, Igor"]
[Black "Tsaruk, Maksim"]
[Result "0-1"]
[WhiteElo "2305"]
[BlackElo "2343"]
[Annotator "ChessBase"]
[PlyCount "72"]
[EventDate "2022.01.09"]
[EventType "tourn"]
[EventCountry "BLR"]
[SourceTitle "playchess.com"]
[Source "ChessBase"]
[SourceQuality "1"]
[TimeControl "40/5400+30:1800+30"]

1. c4 {[%emt 0:00:02]} Nf6 {[%emt 0:00:31]} 2. Nc3 {[%emt 0:00:20]} e5 {[%emt 0:00:57]} 3. Nf3 {[%emt 0:00:40]} Nc6 {[%emt 0:00:17]} 4. e3 {[%emt 0:00:28]} d5 {[%emt 0:05:25]} 5. cxd5 {[%emt 0:00:28]} Nxd5 {[%emt 0:00:05]} 6. Qc2 {[%emt 0:01:32]} Nxc3 {[%emt 0:07:31]} 7. bxc3 {[%emt 0:01:20]} Bd6 {[%emt 0:00:20]} 8. h4 {[%emt 0:08:00]} h6 {[%emt 0:06:41]} 9. Bd3 {[%emt 0:03:43]} Qd7 {[%emt 0:18:21]} 10. h5 {[%emt 0:14:26]} O-O {[%emt 0:09:23]} 11. Nh4 {[%emt 0:08:16]} Ne7 {[%emt 0:00:56]} 12. e4 {[%emt 0:05:03]} c5 {[%emt 0:08:16]} 13. a4 {[%emt 0:15:57]} b6 {[%emt 0:09:15]} 14. Bc4 {[%emt 0:01:31]} Qg4 {[%emt 0:02:22]} 15. d3 {[%emt 0:05:02]} Qxh5 {[%emt 0:13:29]} 16. f3 {[%emt 0:00:10]} Ng6 {[%emt 0:00:05]} 17. g4 {[%emt 0:02:04]} Qxh4+ {[%emt 0:00:05]} 18. Rxh4 {[%emt 0:00:07]} Nxh4 {[%emt 0:00:01]} 19. Kf2 {[%emt 0:09:34]} Be6 {[%emt 0:02:40]} 20. Qb3 {[%emt 0:08:50]} Bxc4 {[%emt 0:06:47]} 21. Qxc4 {[%emt 0:00:06]} g5 {[%emt 0:00:04]} 22. a5 {[%emt 0:00:20]} Rae8 {[%emt 0:04:08]} 23. axb6 {[%emt 0:02:51]} axb6 {[%emt 0:00:03]} 24. Ra6 {[%emt 0:02:38]} Bc7 {[%emt 0:02:59]} 25. d4 {[%emt 0:09:32]} exd4 {[%emt 0:00:26]} 26. cxd4 {[%emt 0:00:00]} cxd4 {[%emt 0:00:29]} 27. Ba3 {[%emt 0:00:00]} Rc8 {[%emt 0:00:11]} 28. Qb3 {[%emt 0:00:00]} Rfd8 {[%emt 0:01:00]} 29. Be7 {[%emt 0:00:15]} Rd7 {[%emt 0:01:04]} 30. Bf6 {[%emt 0:00:06]} Bf4 {[%emt 0:01:02]} 31. Qa4 {[%emt 0:00:45]} b5 {[%emt 0:00:26]} 32. Ra8 {[%emt 0:01:50]} bxa4 {[%emt 0:00:16]} 33. Rxc8+ {[%emt 0:00:01]} Kh7 {[%emt 0:00:04]} 34. Rh8+ {[%emt 0:00:52]} Kg6 {[%emt 0:00:04]} 35. e5 {[%emt 0:00:29]} Bxe5 {[%emt 0:00:05]} 36. Bxe5 {[%emt 0:00:22]} f6 {[%emt 0:00:03]} 0-1

[Event "Belarus-ch Men 2022"]
[Site "Minsk"]
[Date "2022.01.15"]
[Round "7.2"]
[White "Siniauski, Artsiom"]
[Black "Nikitenko, Mihail"]
[Result "0-1"]
[WhiteElo "2301"]
[BlackElo "2506"]
[Annotator "TA"]
[PlyCount "60"]
[EventDate "2022.01.09"]
[EventType "tourn"]
[EventCountry "BLR"]
[SourceTitle "playchess.com"]
[Source "ChessBase"]
[SourceQuality "1"]

{[%evp 13,60,0,6,0,0,0,5,0,0,-1,12,-33,-13,-16,-5,-41,-50,-55,-53,-54,-53,-73,-49,-52,-14,-128,-157,-245,-77,-99,-66,-126,-122,-134,-130,-349,-338,-437,-385,-346,-326,-904,-902,-850,-830,-1107,-1064,-5485,-1662]} 1. e4 c6 2. d4 d5 3. Nc3 dxe4 4. Nxe4 Nd7 {[%cal Bb8d7,Bd7f6,Bf6d5,Bd5e3][%mdl 32]} 5. Nf3 Ngf6 6. Nxf6+ Nxf6 7. Bd3 Bg4 {[%cal Bc8g4,Bg4h5,Bh5g6][%mdl 32]} 8. Be3 {B17: Caro-Kann: Modern Line (4...Nd7).} e6 9. O-O Bd6 10. h3 {The position is equal.} Bh5 11. Be2 Nd5 {[#]} 12. Nd2 $146 (12. Bd2 $11) ({Predecessor:} 12. Qd2 O-O 13. c4 Ne7 14. Rad1 Qc8 15. Bf4 Rd8 16. Bxd6 Rxd6 17. Qe3 Nf5 18. Qe5 {0-1 (55) Torrent San Nicolas,B-Llopis Jordan,L (1633) Barcelona 2019}) 12... Bg6 13. Nc4 Bc7 14. Qd2 Nxe3 15. Nxe3 Qh4 16. c3 O-O-O 17. b4 h5 18. Rfd1 Rh6 19. Bf1 (19. b5 $11) 19... Be4 $1 $40 {[%mdl 128] Black has strong attack. A strong pair of Bishops.} (19... Qf4 $6 20. g3 Qd6 21. h4 $14) 20. g3 {[#]} (20. Bd3 $17) 20... Qf6 $2 (20... Rg6 $1 $19 {[%cal Oc7g3] is more deadly. And now ...Bxg3! would win.} 21. Qe1 (21. Bg2 $2 Bxg3 22. fxg3 Rxg3 $19) 21... f5) 21. Bg2 Bf3 {Black is more active.} 22. Bxf3 ({White should play} 22. Qd3 $15) 22... Qxf3 23. Ng2 {[#]} h4 $1 24. Nxh4 {White does not recover from this.} (24. Ne1 $17 {was called for.} Qd5 25. g4) 24... Qh5 $19 ({Weaker is} 24... Rxh4 25. gxh4 Qxh3 26. Qe3 Bh2+ 27. Kh1 Qxh4 28. Kg2 Qg4+ 29. Kf1 $17) 25. f4 Rg8 26. Kf2 Bxf4 {[%mdl 64] Deflection} 27. gxf4 (27. Qxf4 Rf6 28. Qxf6 gxf6 29. Rd3) 27... Qxh4+ {Black is clearly winning.} 28. Ke2 Qxh3 29. Rh1 Qg4+ 30. Kd3 Rxh1 {Weighted Error Value: White=0.88/Black=0.12 (very precise)} 0-1

[Event "Belarus-ch Men 2022"]
[Site "Minsk"]
[Date "2022.01.15"]
[Round "7.3"]
[White "Fedorov, Alexei"]
[Black "Volianuk, Vitaly"]
[Result "1-0"]
[WhiteElo "2552"]
[BlackElo "2267"]
[Annotator "TA"]
[PlyCount "101"]
[EventDate "2022.01.09"]
[EventType "tourn"]
[EventCountry "BLR"]
[SourceTitle "playchess.com"]
[Source "ChessBase"]
[SourceQuality "1"]

{[%evp 11,101,31,42,14,16,14,22,12,16,20,12,7,32,32,29,29,27,17,13,21,27,26,17,22,25,25,41,45,51,13,35,15,27,0,0,0,13,10,6,7,7,6,12,8,22,17,48,37,58,20,22,10,10,11,17,12,12,13,24,15,26,8,11,14,40,40,103,102,96,96,96,96,96,96,96,96,96,96,110,110,804,775,779,757,29977,29978,29983,29984,29983,29971,29989,29990]} 1. e4 g6 2. d4 Bg7 3. c3 d5 4. exd5 Qxd5 5. Nf3 c5 6. Na3 Nf6 {[%cal Bg8f6,Bf6d5,Bd5c7,Bc7e6,Be6c5][%mdl 32]} 7. Nb5 {[#] Strongly threatening Nc7+. B22: Sicilian: 2 c3.} (7. Bc4 $5 {[%cal Rc4d5]} Qe4+ 8. Be3 $14) 7... Na6 {Prevents Nc7+.} 8. Be2 cxd4 9. Qxd4 {The position is equal.} O-O {[#]} 10. Qxd5 $146 ({Predecessor:} 10. O-O Qxd4 11. Nfxd4 Bg4 12. Bxg4 Nxg4 13. Bg5 Bf6 14. Bxf6 Nxf6 15. Rfe1 e6 16. Nb3 {½-½ (100) Rohde,M (2386)-Zimmer,R (2149) Dulles 2018}) 10... Nxd5 11. O-O $1 Nac7 12. Nxc7 Nxc7 13. Rd1 b6 14. Bf4 Ba6 15. Bf1 Bxf1 (15... Rfc8 {feels hotter.} 16. a4 Bf6 17. g3 Bb7 18. Be2 Ne6) 16. Kxf1 Rfc8 17. a4 $1 {[%cal Ba2a4,Ba4a5][%mdl 32]} Ne6 18. Be3 Nc5 19. a5 Rab8 20. Ra3 {Inhibits Nb3.} Kf8 21. Ne1 Ke8 22. Nd3 Nxd3 23. Rxd3 Be5 24. axb6 axb6 25. Rb3 Bd6 26. Rb5 Rc6 27. Ke2 Bc7 28. Rd4 Rd8 29. Rdb4 {[%cal Re3b6]} Rdd6 30. g4 Re6 31. Kd3 Bd6 32. Re4 Rxe4 33. Kxe4 $11 {[%mdl 4096] Endgame KRB-KRB} Bc7 34. h3 Kd7 35. Rd5+ Kc8 36. Kd3 e6 37. Rd4 b5 38. g5 Rc5 (38... Bd8 $14) 39. Rh4 $16 {[%csl LRc5,LRh7]} Rd5+ 40. Kc2 Rf5 41. Rxh7 Bd8 42. h4 Bc7 43. Rh8+ Kd7 44. Ra8 Bd8 45. Kd3 f6 $2 {[%mdl 8192] Black cannot hold the game after this.} (45... Bc7 $16 46. Ke2 Re5) 46. h5 $18 gxh5 47. g6 {[#] g7 would kill now.} Ke7 48. Ra7+ {White mates.} Kf8 49. Bh6+ Kg8 50. Rg7+ Kh8 51. Rf7 {Weighted Error Value: White=0.05 (flawless) /Black=0.23 (precise)} 1-0

[Event "Belarus-ch Men 2022"]
[Site "Minsk"]
[Date "2022.01.15"]
[Round "7.4"]
[White "Lazavik, Denis"]
[Black "Stribuk, Artiom"]
[Result "1/2-1/2"]
[WhiteElo "2465"]
[BlackElo "2210"]
[Annotator "TA"]
[PlyCount "78"]
[EventDate "2022.01.09"]
[EventType "tourn"]
[EventCountry "BLR"]
[SourceTitle "playchess.com"]
[Source "ChessBase"]
[SourceQuality "1"]

{[%evp 9,78,54,40,0,0,0,0,0,0,0,0,0,0,0,0,0,14,19,14,13,20,15,29,18,38,45,39,40,44,44,41,41,64,70,62,69,70,61,69,40,41,41,41,30,41,33,45,37,45,45,45,35,45,45,45,35,45,35,40,41,36,35,35,28,29,0,35,35,37,0,45]} 1. Nf3 Nf6 2. c4 g6 3. Nc3 Bg7 4. e4 e5 5. Nxe5 O-O 6. f4 {A16: English Opening: 1...Nf6 with ...d5.} d6 7. Nf3 Nxe4 $1 8. Nxe4 {Strongly threatening Be2.} Re8 {Hoping for ...d5.} 9. d3 {Threatens to win with Be2.} f5 {[%mdl 64] [#] Pin} 10. Be2 {aiming for Nc3.} fxe4 11. dxe4 {[%cal Oc4c5]} Na6 12. O-O {[%cal Oc4c5]} Nc5 {[#]} 13. e5 $146 ({Predecessor:} 13. f5 gxf5 14. Ng5 Qe7 15. Bh5 Rf8 16. Qd5+ Be6 17. Nxe6 c6 18. Bg5 Qxg5 19. Qxc5 {0-1 (41) Gelfand,B (2684)-Nepomniachtchi,I (2767) Jerusalem 2019}) 13... dxe5 {[#] ...Qxd1 is the strong threat.} 14. Qxd8 Rxd8 15. Nxe5 Bf5 {[%cal Bc8f5,Bf5d3,Bd3c4,Bc4d5][%mdl 32]} 16. Be3 Nd3 17. Bxd3 Bxd3 18. Rfe1 {[%cal Bf1e1,Be1c1,Bc1c7][%mdl 32]} Bxe5 19. fxe5 Bxc4 20. Rec1 Bd5 ({But not} 20... b5 21. b3 Be6 22. Rc6 $16 (22. Rxc7 Rac8 $16)) 21. Rxc7 Rac8 22. Rac1 {White is more active.} Bc6 23. Rxc8 Rxc8 $14 {[%mdl 4096] Endgame KRB-KRB} 24. e6 Re8 25. Bxa7 Rxe6 26. Kf2 {To avoid Re2+} Kf7 27. Be3 Re5 28. h4 Rf5+ 29. Kg3 h5 30. Rc2 Re5 31. Bg5 Ke6 32. Rf2 Rf5 33. Bf4 Rc5 34. Re2+ Kf5 35. Bd6 Rc4 36. Rf2+ Ke6 37. Bf4 Be4 38. Re2 Kf5 {[%cal Oe4g2]} 39. Rf2 Rc2 {Weighted Error Value: White=0.07 (flawless) /Black=0.05 (flawless)} (39... Ke6 $1 $11) 1/2-1/2

[Event "Belarus-ch Men 2022"]
[Site "Minsk"]
[Date "2022.01.15"]
[Round "7.5"]
[White "Runets, Ivan"]
[Black "Aleksandrov, Aleksej"]
[Result "0-1"]
[WhiteElo "2240"]
[BlackElo "2502"]
[Annotator "TA"]
[PlyCount "55"]
[EventDate "2022.01.09"]
[EventType "tourn"]
[EventCountry "BLR"]
[SourceTitle "playchess.com"]
[Source "ChessBase"]
[SourceQuality "1"]

{[%evp 9,55,21,20,22,23,25,14,25,21,23,30,0,20,0,0,0,0,0,0,-10,-15,-36,-22,-25,-28,-29,-14,-23,-28,-27,-30,-35,-34,-32,-39,-40,-26,-83,-32,-272,-256,-263,-263,-256,-273,-264,-270,-262]} 1. d4 d5 2. Nf3 Nf6 3. c4 e6 4. Nc3 a6 5. cxd5 exd5 6. Bg5 {D37: Queen's Gambit Declined: 5 Bf4.} c6 7. Qc2 Be6 8. e3 {The position is equal.} Bd6 9. Bd3 {[%cal Od3h7]} Nbd7 10. O-O Qb8 11. e4 dxe4 (11... h6 $2 12. Bxf6 gxf6 13. exd5 cxd5 14. Rfe1 $18) 12. Nxe4 Nxe4 13. Bxe4 h6 14. Bh4 O-O {[#]} 15. Bh7+ $146 ({Predecessor:} 15. Rfe1 Qc7 16. Rad1 Qa5 17. b3 Rfe8 18. Bg3 Bxg3 19. hxg3 Nf6 20. Bd3 Bg4 21. Re2 Rxe2 22. Bxe2 {½-½ (30) Costachi,M (2471)-David,A (2428) Chess.com INT 2020}) 15... Kh8 16. Bf5 {Prevents Bg4.} Bxf5 17. Qxf5 Qc8 18. Rfe1 Nb6 $36 {[%mdl 2048] Black is more active.} 19. Qh5 {[%cal Oh4f6] aiming for Bf6!} Nd5 {To avoid Bf6} 20. Ne5 Kg8 21. Bg3 {[%cal Oe5f7]} Qc7 22. Re2 f5 23. Ng6 (23. f3 $11) 23... Rf6 (23... f4 $1 $17 {[%cal Rf4g3]} 24. Bh4 (24. Nxf8 Rxf8 25. Bh4 f3 $17) 24... Qf7) 24. Be5 {[#] This move loses the game for White.} ({White should play} 24. Rae1 $15 Qf7 25. Bxd6 Rxg6 26. Kh1) 24... Bxe5 $1 $19 {Black has a decisive advantage.} 25. Nxe5 ({But not} 25. dxe5 {[#]} Rxg6 $1 {[%mdl 512]} 26. Qxg6 Nf4 27. Qxf5 Nxe2+) 25... Nf4 $1 {[%csl LRe2,LRh5]} 26. Qf3 Nxe2+ 27. Qxe2 Rd8 28. Qc4+ {Weighted Error Value: White=0.32/Black=0.05 (flawless)} 0-1

[Event "Belarus-ch Men 2022"]
[Site "Minsk"]
[Date "2022.01.15"]
[Round "7.6"]
[White "Stupak, Kirill"]
[Black "Zarubitski, Viachaslau"]
[Result "1-0"]
[WhiteElo "2478"]
[BlackElo "2413"]
[Annotator "TA"]
[PlyCount "69"]
[EventDate "2022.01.09"]
[EventType "tourn"]
[EventCountry "BLR"]
[SourceTitle "playchess.com"]
[Source "ChessBase"]
[SourceQuality "1"]

{[%evp 18,69,29,33,26,34,22,23,33,0,7,17,2,0,0,-2,43,12,38,-38,-14,-37,-24,-31,-27,-23,17,33,16,54,360,335,357,354,419,402,425,416,455,452,445,429,427,307,287,270,338,308,442,445,445,442,436,431]} 1. d4 {Nadanian,A} Nf6 2. c4 g6 3. Nc3 Bg7 4. e4 d6 5. f3 O-O 6. Nge2 c5 7. d5 e6 8. Ng3 exd5 9. cxd5 a6 10. a4 h5 {A65: Modern Benoni: 6 e4.} 11. Bg5 Qc7 12. Qd2 Nh7 {[#] White has an edge.} 13. Be3 $146 ({Predecessor:} 13. Bh6 h4 14. Bxg7 Kxg7 15. Bc4 hxg3 16. hxg3 Rh8 17. e5 Qe7 18. O-O-O Nd7 19. exd6 Qxd6 {1-0 (26) Aronian,L (2802)-Vachier Lagrave,M (2804) Tbilisi 2017 CBM 181 [Nadanian,A]}) 13... Nd7 14. Be2 h4 15. Nf1 f5 16. exf5 gxf5 17. h3 Re8 18. Nh2 (18. g4 $14) 18... Rb8 19. f4 (19. Bf2 $5 {[%cal Re1g1]}) 19... b5 20. axb5 axb5 21. Nxb5 Qd8 {Threatens to win with ...Ndf6.} (21... Qb6 $5 {[%cal Rd7f6]} 22. O-O (22. Ra7 $2 Ba6 $19) 22... Ndf6 $15) 22. Nxd6 {Strongly threatening Ra2.} Rxb2 23. Qc1 Bd4 $2 {[%mdl 8192] A mistake that costs the game.} (23... Rb3 $14 24. Nxe8 Qxe8) 24. Nxe8 $18 {Active counter play!} Qxe8 {[#]} 25. Ra3 Nb6 26. Nf3 {[%csl LRd4,LRh4]} Qe4 {[#] ...Rb1 is the strong threat.} 27. Nd2 {Prevents Rb1.} Qxd5 (27... Qc2 28. Qxc2) 28. Bxd4 ({Less strong is} 28. Nf3 Qe4 29. Nd2 (29. Nxh4 $2 Rb1 $19) 29... Qd5 30. Bxd4 Qxd4 $18) 28... Qxd4 29. Rd3 Qb4 30. Qc3 Qxc3 31. Rxc3 Nf6 32. Rxc5 Be6 (32... Bd7 $142 33. Bf3 Kf7) 33. Rb5 {White is clearly winning.} Rxb5 34. Bxb5 Nh5 35. O-O {Weighted Error Value: White=0.15 (very precise) /Black=0.39} 1-0

[Event "Belarus-ch Men 2022"]
[Site "Minsk"]
[Date "2022.01.16"]
[Round "8.1"]
[White "Tsaruk, Maksim"]
[Black "Zarubitski, Viachaslau"]
[Result "1/2-1/2"]
[WhiteElo "2343"]
[BlackElo "2413"]
[Annotator "TA"]
[PlyCount "60"]
[EventDate "2022.01.09"]
[EventType "tourn"]
[EventCountry "BLR"]
[SourceTitle "playchess.com"]
[Source "ChessBase"]
[SourceQuality "1"]

{[%evp 25,60,27,14,9,8,0,0,0,0,0,0,0,0,0,0,0,0,0,0,0,0,0,0,-10,-7,-8,0,0,0,0,0,0,0,0,0,0,0]} 1. e4 c5 2. Nf3 Nc6 3. d4 cxd4 4. Nxd4 g6 5. c4 Nf6 6. Nc3 d6 7. Be2 Nxd4 8. Qxd4 Bg7 9. Be3 O-O 10. Qd2 a5 11. O-O a4 12. f3 Qa5 13. Rac1 Be6 14. Nd5 {Threatens to win with Qxa5. The position is equal. 14.Rfd1 is more fashionable. B36: Sicilian: Maroczy Bind: Gurgenidze System.} Qxd2 15. Nxe7+ Kh8 16. Bxd2 Rfe8 $1 {[%cal Bf8e8,Be8e5,Be5c5][%mdl 32]} 17. Nd5 Nxd5 18. cxd5 Bxd5 19. Bb5 Re5 20. Rc7 {[%cal Ob5a4]} Bxa2 21. Rxb7 {[#]} Bb3 $146 ({Predecessor:} 21... Rc5 22. Be3 Rc2 23. Bxa4 Re2 24. Bf2 Rxb2 25. Rxb2 Bxb2 {½-½ (25) Rosner,J (2197)-Wirthensohn,H (2390) Germany 2011}) 22. Bc3 Rc5 23. Bxg7+ Kxg7 24. Bd3 Rac8 25. Kf2 Rc1 26. Rxc1 Rxc1 27. Rb4 h5 28. h4 Kf6 29. Bb5 Rc2+ 30. Kg3 Rd2 {An interesting draw.  Weighted Error Value: White=0.02 (flawless) /Black=0.01 (flawless)} 1/2-1/2

[Event "Belarus-ch Men 2022"]
[Site "Minsk"]
[Date "2022.01.16"]
[Round "8.2"]
[White "Aleksandrov, Aleksej"]
[Black "Stupak, Kirill"]
[Result "1-0"]
[WhiteElo "2502"]
[BlackElo "2478"]
[Annotator "TA"]
[PlyCount "107"]
[EventDate "2022.01.09"]
[EventType "tourn"]
[EventCountry "BLR"]
[SourceTitle "playchess.com"]
[Source "ChessBase"]
[SourceQuality "1"]

{[%evp 11,107,9,12,5,5,3,0,0,5,-7,0,-25,0,0,23,29,50,43,54,41,64,53,52,52,47,56,67,36,38,26,51,47,56,54,61,56,56,61,63,65,66,40,37,46,54,22,125,122,136,136,136,137,225,223,223,223,221,235,298,298,325,325,325,317,310,304,938,874,1087,1046,904,858,874,874,1249,865,857,0,1343,720,1687,1414,3637,1747,4418,2007,3858,2612,5708,8244,29967,29965,29969,29968,29974,29970,29968,29974]} 1. c4 c5 2. Nf3 Nf6 3. Nc3 Nc6 4. d4 cxd4 5. Nxd4 e6 6. Bf4 d5 7. cxd5 {A33: Symmetrical English: 2 Nf3 Nf6 3 d4 cxd4 4 Nxd4 e6 5 Nc3 Nc6.} Nxd5 8. Nxc6 bxc6 9. Bd2 {The position is equal.} Bb4 10. Qc1 {[#]} Ba6 $146 ({Predecessor:} 10... O-O 11. a3 Bxc3 12. Bxc3 c5 13. Bd2 Ba6 14. e4 Bxf1 15. Kxf1 Nb6 16. Qc2 Qd7 {1-0 (45) Zubarev,A (2422)-Sivuk,V (2550) Kremenchuk 2020}) 11. h4 Nxc3 12. Bxc3 Qd4 13. Rh3 {[%cal Bh1h3,Bh3c3,Bc3c6][%mdl 32]} Rb8 14. a3 (14. Qe3 {is interesting.} Bxc3+ 15. Qxc3 Qxc3+ 16. Rxc3 Rxb2 17. Rxc6 Bb7 18. Rc7) 14... Bxc3+ 15. Qxc3 Qxc3+ 16. Rxc3 Rxb2 17. Rxc6 Bb7 18. Rc7 O-O 19. Rd1 a5 20. Rc5 a4 21. Rc4 $1 Bd5 22. Rxa4 Rfb8 {[#] aiming for ...Bb3.} 23. Rad4 f5 {Prevents e4.} 24. Ra1 Rc8 25. Rd2 Rb3 26. g3 Ra8 27. Rd3 Rb2 28. f4 Rc8 {White now steadily converts the win.} (28... Kf7 $11 {remains equal.}) 29. a4 $16 {[%cal Ba3a4,Ba4a5,Ba5a6,Ba6a7][%mdl 32]} Rcb8 30. a5 Rb1+ 31. Rd1 Rxd1+ (31... R1b3 $16 32. Kf2 Ra8) 32. Kxd1 {[%mdl 4096] Endgame KRB-KRB} Rb3 33. a6 Kf7 34. a7 Ba8 35. Ke1 {And now Kf2 would win.} Rxg3 36. Kf2 Rc3 37. Bg2 Rc8 38. Rb1 Bxg2 (38... Rc7 39. Bxa8 Rxa7) 39. Kxg2 $18 {[#] White wants to mate with Rb8. KR-KR} Ra8 40. Rb7+ Kf6 41. Kf3 h6 42. Ke3 {Threatens to win with Kd4.} Kg6 43. Kd4 Kf6 44. Ke3 (44. Rc7 $142 g6 45. Kc5) 44... Kg6 $1 45. Kd3 Kf6 46. Kd4 g6 47. e3 e5+ 48. fxe5+ Ke6 49. Rh7 Rd8+ 50. Kc5 Kxe5 51. Rxh6 {White mates.} Rc8+ 52. Kb6 Rg8 53. Rh7 Ke4 54. Rb7 {Weighted Error Value: White=0.15 (very precise) /Black=0.38} 1-0